| 000 | 00468nam a2200145Ia 4500 | ||
|---|---|---|---|
| 008 | 191213s9999 xx 000 0 und d | ||
| 020 | _a9788427720435 | ||
| 100 | 1 | _aESCALERA, Ignacio | |
| 245 | 1 | _aLAS INSTITUCIONES EDUCATIVAS Y SU CULTURA - Prácticas y creencias construidas a través del tiempo | |
| 260 | 0 | 0 | _a2016 |
| 650 | 0 | 0 | _bEducación y Psicología |
| 250 | _a1 | ||
| 856 | 0 | 0 | _uhttps://uin.bibliotecasdigitales.com/read/9788427720435/index |
| 942 | _cRAA | ||
| 999 |
_c228872 _d228872 |
||